Normal view
MARC view
- Alba Hernández, Francisco,
Entry Nombre Personal
001 - NUMERO DE CONTROL
- campo de control: 28690
003 - IDENTIFICADOR DE NUMERO DE CONTROL
- campo de control: UPN
005 - FECHA Y HORA DE LA ÜLTIMA TRANSACCIÓN
- campo de control: 20210219194356.0
008 - DATOS DE LONGITUD FIJA
- campo de control de longitud fija: nabaccnnaabn|||||||||| b |nc|||||d
035 ## - NUMERO DE CONTROL
- Número de control: UPN11000000796
040 ## - FUENTE DE CATALOGACIÓN
- Lenguaje de catalogación: SPA
- Agencia de transcripción: UPN
100 1# - ENCABEZAMIENTO - NOMBRE PERSONAL
- Nombre personal: Alba Hernández, Francisco,
- Fechas asociadas con el nombre: 1941-
400 1# - VEÁSE - NOMBRE DE PERSONA
- Personal name: Alba, Francisco,
- Dates associated with a name: 1941-
670 ## - FUENTE EN LA QUE SE LOCALIZARON DATOS
- Cita de la fuente: LC
680 ## - NOTA PUBLICA DE ACCESO PÚBLICO
- Frase explicativa de la referencia: Investigador mexicano
902 ## - CATALOGADOR
- Catalogador: DAA/301107
